000 00871cam a2200253 a 4500
001 000005533
005 20200929151714.0
008 970827s1997 sp a b 001 1 spa
020 _a8437614961
040 _aDO-SdBNP
_cDLC
_dDLC
082 _aM863.1
_bF363p
100 1 _aFernández de Lizardi, José Joaquín,
_d1776-1827.
_99110
245 1 3 _aEl Periquillo Sarniento /
_cJosé Joaquín Fernández de Lizardi ; edición de Carmen Ruiz Barrionuevo.
260 _aMadrid :
_bCátedra,
_c1997.
300 _a956 p. :
_bil. ;
_c18 cm.
490 1 _aLetras hispánicas
_v421
504 _aIncluye referencias bibliográficas : (p. 65-81).
650 4 _aNovela mexicana
_93959
650 4 _aLiteratura mexicana
_91922
700 1 _aRuiz Barrionuevo, Carmen.
_915643
830 0 _aLetras hispánicas ;
_v421
_94208
910 _aCatalogación por copia / LC
910 _aWM
999 _c5332
_d5332